书目信息 |
| 题名: |
汽车拖拉机燃料系的故障
|
|
| 作者: | ;黑龙江省伊春林业机械厂编写组 编 | |
| 分册: | ||
| 出版信息: | 北京 农业出版社 1977 |
|
| 页数: | 117页 | |
| 开本: | 19cm | |
| 丛书名: | ||
| 单 册: | ||
| 中图分类: | U464.136 | |
| 科图分类: | ||
| 主题词: | 拖拉车-燃油系统--故障诊断 , 汽车-燃油系统--故障诊断 , 燃油系统-汽车--故障诊断 , 燃油系统-拖拉车--故障诊断 | |
| 电子资源: | ||
| ISBN: | ||
| 000 | 00814nam0 2200253 45 | |
| 001 | 0177003720 | |
| 005 | 20060815144605.85 | |
| 010 | @dCNY0.29 | |
| 091 | @a15144.514 | |
| 100 | @a19960215d1977 em y0chiy0121 ea | |
| 101 | 0 | @achi |
| 102 | @aCN@b110000 | |
| 105 | @ay z 000yy | |
| 200 | 10 | @a汽车拖拉机燃料系的故障@Aqi che tuo la ji ran liao xi de gu zhang@f黑龙江省伊春林业机械厂编写组编 |
| 210 | @a北京@c农业出版社@d1977 | |
| 215 | @a117页@d19cm | |
| 606 | @a拖拉车-燃油系统@x故障诊断 | |
| 606 | @a汽车-燃油系统@x故障诊断 | |
| 606 | @a燃油系统-汽车@x故障诊断 | |
| 606 | @a燃油系统-拖拉车@x故障诊断 | |
| 690 | @aU464.136@v3 | |
| 711 | 02 | @a黑龙江省伊春林业机械厂编写组@Ahei long jiang sheng yi chun lin ye ji xie chang bian xie zu@4编 |
| 801 | 0 | @aCN@bTSSF@c20060815 |
| 905 | @a10447@dU464.136@e108 | |
| 汽车拖拉机燃料系的故障/黑龙江省伊春林业机械厂编写组编.-北京:农业出版社,1977 |
| 117页;19cm |
| ISBN :CNY0.29 |
| ● |
| 相关链接 |
|
|
|
|
正题名:汽车拖拉机燃料系的故障
索取号:U464.136/108
 
预约/预借
| 序号 | 登录号 | 条形码 | 馆藏地/架位号 | 状态 | 备注 |
| 1 | 0015349 | 001487689 | 第二样本阅览室/ [索取号:U464.136/108] | 在馆 | |
| 2 | 0438418 | 204384184 | 密集书库/ [索取号:U464.136/108] | 在馆 | |
| 3 | 0458522 | 204585225 | 密集书库/ [索取号:U464.136/108] | 在馆 |